History Quiz

Random History or Numbers Quiz

World's 10 Most Prolific Serial Killers Quiz Stats

 Plays Quiz not verified by Sporcle

Challenge
Share
Tweet
Embed
Score 0/10 Timer 05:00
0 Plays Today
Nationality Name % Correct
AmericanTheodore Bundy
82.7%
AmericanJohn Wayne Gacy
63.9%
BritishDr. Harold Shipman
24.2%
AmericanGary Ridgeway
24.2%
RussianAndrei Chikatilo
17.1%
AmericanHenry Lee Lucas
15.2%
ColombianPedro Alonso Lopez
11.9%
South AfricanMoses Sithole
8.3%
GermanBruno Ludke
1.2%
AmericanGerald Stano
1.2%

You're not logged in!

Compare scores with friends on all Sporcle quizzes.
Join for Free
OR
Log In

You Might Also Like...

Show Comments

Extras

Top Quizzes Today


Score Distribution

Your Account Isn't Verified!

In order to create a playlist on Sporcle, you need to verify the email address you used during registration. Go to your Sporcle Settings to finish the process.

Report this User

Report this user for behavior that violates our Community Guidelines.

Details: